000
00386nam a2200133Ia 4500
008
151001s9999||||xx |||||||||||||| ||und||
100
_a
नागेश सु शेवाळकर
245
_a
शाळा लावते लळा
250
_a
1
260
_b
"गवळी प्रकाशन, इस्लामपूर"
260
_c
2012
300
_a
88
365
_b
18
999
_c
999761
_d
999758